AFC Ajax shirt number - Statistics

General Stats
  • This quiz has been taken 61 times
    52 since last reset
  • The average score is 32 of 51
Answer Stats
Number # Player(s) % Correct
1 Stekelenburg, Varela, Onana, Cillessen, Vermeer, Lobont, Grim
98%
4 Alvarez, de Ligt, Riedewald, vd Hoorn, Moisander, Vertonghen, Vermaelen, Heitinga, Escude, Galasek
95%
22 Haller, Eiting, Ziyech, van Leer, ..
95%
10 Tadic, Ziyech, ..
95%
39 Antony, Sierhuis, Lang, ..
93%
2 J. Timber, Schuurs, Kristensen, Tete, v. Rhijn, vd Wiel, Silva, Heitinga, Trabelsi, Vierklau
90%
21 Martinez, F. de Jong, ..
90%
38 Gravenberch, Bergsma, ..
88%
15 Rensch, S. de Jong, Eiting, ..
88%
25 Taylor, Dolberg, Serero, ..
88%
18 Ekkelenkamp, Marin, Bande, ..
86%
9 Idrissi, Huntelaar, B. Traore, ..
86%
23 L. Traore, S. de Jong, ..
86%
16 Scherpen, Magallan, Westermann, ..
86%
8 Gravenberch, Eiting, Sinkgraven, Duarte, Eriksen, Emanuelson, Urzaiz, Babel, Maduro, Pienaar
83%
7 Neres, El Ghazi, Fischer, Sulejmani, Atouba, Kennedy, Rosales, Soetaers, vd Meyde, Wamberto
83%
24 Onana, Denswil, ..
83%
17 Blind, Cerny, ..
81%
37 Unuvar, Lang, ..
81%
77 Neres
79%
12 Mazraoui, Lamprou
76%
3 Schuurs, Veltman, Alderweireld, Oleguer, Stam, Silva, Grygera, Heitinga, Pasanen, Bergdolmo
76%
34 Nouri, Menig, ..
74%
11 Promes, Tadic, ..
74%
31 Tagliafico, Muric, ..
74%
30 Brobbey, de Wit, Alblas, ..
71%
20 Kudus, Schone, Silva, ..
71%
36 de Wit, de Ligt, ..
69%
40 Hansen, Ekkelenkamp, ..
69%
41 J. Timber, Johnsen, ..
69%
27 Lang, Schuurs, ..
69%
6 vd Beek, Bazoer, vd Hoorn, Enoh, Lindgren, Kuffour, Maduro, Galasek, Winter, Trabelsi
69%
33 Kotarski, Lamprou, ..
55%
5 Pierie, Wober, Sanchez, Heitinga, Boilesen, Poulsen, Anita, Vertonghen, Emanuelson, Escude
55%
44 Bakker, Clement, ..
52%
26 Ekkelenkamp, Lamprou
50%
28 Dest, Varela, ..
48%
29 Gravenberch, Hendriks
48%
19 Labyad, Cassierra, ..
45%
32 Cerny, Zimling, ..
38%
47 Danilo, Ekkelenkamp
36%
35 Scherpen, Bakker, ..
36%
14 Roger, Maxwell, ..
29%
45 Kemper, Kluivert, ..
26%
43 Kristensen, Alblas, ..
24%
51 van Bladeren, Eriksen
24%
13 Ooijer, Davids, ..
19%
49 Babel
14%
46 Sierhuis, Jozefzoon
12%
42 Zeefuik, Riedewald, ..
10%
52 El Maach
2%
No matching quizzes found
Score Distribution
Percent of People with Each Score
Percentile by Number Answered
Your Score History
You have not taken this quiz since the last reset